[Event "British Columbia-ch"]
[Site "Vancouver CAN"]
[Date "2001.04.14"]
[Round "5.4"]
[White "Neufahrt, Gerhard"]
[Black "Berry, Jonathan"]
[Result "0-1"]
[WhiteElo "2110"]
[BlackElo "2386"]
[PlyCount "114"]
[GameId "2160767911565030"]
[EventDate "2001.04.12"]
[EventType "tourn"]
[EventRounds "9"]
[EventCountry "CAN"]

1. Nf3 g6 2. d4 Bg7 3. Bf4 d6 4. e3 Nd7 5. Bd3 e5 6. Bg5 Ngf6 7. Nbd2 O-O 8. Ne4 Qe8 9. dxe5 dxe5 10. Nfd2 Nxe4 11. Bxe4 h6 12. Bh4 Nc5 13. Bd5 c6 14. Bc4 b5 15. Nb3 Na4 16. Be2 Nxb2 17. Qd6 g5 18. Bg3 f5 19. f3 f4 20. Bf2 Rf6 21. Qa3 Na4 22. Nc5 Nxc5 23. Qxc5 e4 24. fxe4 fxe3 25. Bxe3 Qxe4 26. O-O-O Bf5 27. Bf3 Qe6 28. Bd4 Bf8 29. Qc3 Rg6 30. Qb3 g4 31. Be2 a5 32. Rhe1 a4 33. Qxe6+ Rxe6 34. Bd3 Rae8 35. Rxe6 Bxe6 36. Re1 Bf7 37. Rxe8 Bxe8 38. Bf5 h5 39. h3 gxh3 40. Bxh3 Bf7 41. Kb1 Bd5 42. g4 Be6 43. Bg2 Bxg4 44. Bxc6 Be2 45. Bd5+ Kh7 46. Be4+ Kh6 47. Be3+ Kg7 48. Bd4+ Kf7 49. Bd5+ Kg6 50. Kb2 Bd6 51. Kc3 h4 52. Kd2 Bc4 53. Bxc4 bxc4 54. Kc3 h3 55. Bg1 Kf5 56. Kxc4 Ke4 57. Kb5 Kf3 0-1

[Event "British Columbia-ch"]
[Site "Vancouver CAN"]
[Date "2001.04.14"]
[Round "5.5"]
[White "Niksic, John"]
[Black "Fullbrook, Nigel"]
[Result "1/2-1/2"]
[WhiteElo "2102"]
[BlackElo "2259"]
[PlyCount "115"]
[GameId "2160767911565031"]
[EventDate "2001.04.12"]
[EventType "tourn"]
[EventRounds "9"]
[EventCountry "CAN"]
[SourceTitle "EXT 2002"]
[Source "ChessBase"]
[SourceDate "2001.11.25"]
[SourceVersion "1"]
[SourceVersionDate "2001.11.25"]
[SourceQuality "1"]

1. d4 Nf6 2. Nf3 c5 3. d5 d6 4. c4 g6 5. Nc3 Bg7 6. g3 e6 7. Bg2 exd5 8. cxd5 O-O 9. O-O a6 10. a4 Bg4 11. Nd2 Ne8 12. h3 Bc8 13. Nc4 Nd7 14. Bf4 Nb6 15. Na3 Rb8 16. Re1 g5 17. Bd2 h6 18. Kh2 Bf5 19. e4 Bg6 20. f4 f6 21. a5 Nd7 22. Na4 Nc7 23. Nc4 Qe7 24. b4 cxb4 25. Bxb4 Nb5 26. Rc1 Rfc8 27. Nab6 Nxb6 28. Nxb6 Rxc1 29. Qxc1 Qd8 30. Bf1 Be8 31. Bxb5 Bxb5 32. Qa3 Bf8 33. e5 fxe5 34. fxe5 dxe5 35. Bxf8 Qxf8 36. Qxf8+ Kxf8 37. Rxe5 Re8 38. Rxe8+ Kxe8 39. Kg2 Ke7 40. Kf3 Bf1 41. h4 gxh4 42. gxh4 Kd6 43. Ke4 Bh3 44. Kd4 h5 45. Nc4+ Kc7 46. Kc5 Bg4 47. Ne5 Bh3 48. Ng6 Bg2 49. Nf4 Bf3 50. Nd3 Bg2 51. Ne5 Bh1 52. Nc4 Bf3 53. Nb6 Bg4 54. d6+ Kd8 55. Kd5 Bd1 56. Ke5 Bg4 57. Kf6 Bd1 58. Kg5 1/2-1/2

[Event "British Columbia-ch"]
[Site "Vancouver CAN"]
[Date "2001.04.15"]
[Round "6.1"]
[White "Jiganchine, Roman"]
[Black "Fullbrook, Nigel"]
[Result "1-0"]
[WhiteElo "2115"]
[BlackElo "2259"]
[PlyCount "39"]
[GameId "2160767911565032"]
[EventDate "2001.04.12"]
[EventType "tourn"]
[EventRounds "9"]
[EventCountry "CAN"]
[SourceTitle "EXT 2002"]
[Source "ChessBase"]
[SourceDate "2001.11.25"]
[SourceVersion "1"]
[SourceVersionDate "2001.11.25"]
[SourceQuality "1"]

1. e4 c5 2. c3 Nf6 3. e5 Nd5 4. d4 cxd4 5. Nf3 e6 6. cxd4 b6 7. Bd3 Na6 8. a3 Bb7 9. O-O Nac7 10. Nc3 Nxc3 11. bxc3 Be7 12. h3 f5 13. exf6 Bxf6 14. Ng5 g6 15. Nxh7 Rxh7 16. Bxg6+ Rf7 17. Qh5 Qe7 18. Qh7 Kf8 19. Bh6+ Bg7 20. Qh8# 1-0

[Event "British Columbia-ch"]
[Site "Vancouver CAN"]
[Date "2001.04.15"]
[Round "6.2"]
[White "Berry, Jonathan"]
[Black "Niksic, John"]
[Result "0-1"]
[WhiteElo "2299"]
[BlackElo "2102"]
[PlyCount "76"]
[GameId "2160767911565033"]
[EventDate "2001.04.12"]
[EventType "tourn"]
[EventRounds "9"]
[EventCountry "CAN"]
[SourceTitle "EXT 2002"]
[Source "ChessBase"]
[SourceDate "2001.11.25"]
[SourceVersion "1"]
[SourceVersionDate "2001.11.25"]
[SourceQuality "1"]

1. e4 e6 2. d4 d5 3. exd5 exd5 4. c4 Nf6 5. Nc3 Be7 6. Nf3 O-O 7. Be3 c6 8. h3 Bf5 9. g4 Be4 10. Rg1 Qa5 11. Nd2 Bb4 12. g5 Nfd7 13. Ncxe4 dxe4 14. Qg4 Re8 15. h4 c5 16. Rd1 cxd4 17. Bxd4 Nc6 18. g6 hxg6 19. Qxd7 Rad8 20. Qxe8+ Rxe8 21. Be3 Ne5 22. Be2 Qxa2 23. Kf1 Rd8 24. Rg3 Bxd2 25. Rxd2 Rxd2 26. Bxd2 Qxb2 27. Bc3 Qc1+ 28. Kg2 Nf3 29. Bxf3 Qxc3 30. Bxe4 Qxc4 31. Bxb7 Qxh4 32. Bd5 Qd4 33. Bb3 a5 34. Rf3 Qg4+ 35. Rg3 Qe4+ 36. Rf3 Qg4+ 37. Rg3 Qe4+ 38. Rf3 Kf8 0-1

[Event "British Columbia-ch"]
[Site "Vancouver CAN"]
[Date "2001.04.15"]
[Round "6.3"]
[White "Seid, Hee"]
[Black "Neufahrt, Gerhard"]
[Result "1-0"]
[WhiteElo "2157"]
[BlackElo "2110"]
[PlyCount "103"]
[GameId "2160767911565034"]
[EventDate "2001.04.12"]
[EventType "tourn"]
[EventRounds "9"]
[EventCountry "CAN"]

1. Nf3 g6 2. e4 c6 3. c3 d5 4. e5 Bg4 5. d4 h5 6. h3 Bf5 7. Be2 Nh6 8. O-O e6 9. Nbd2 g5 10. Nh2 g4 11. hxg4 hxg4 12. g3 Qg5 13. Ne4 Qg6 14. Nf6+ Kd8 15. Bxg4 Nxg4 16. Nhxg4 Nd7 17. Bf4 Bg7 18. f3 Bxf6 19. Nxf6 Nxf6 20. exf6 Qh7 21. Kf2 Qh2+ 22. Ke3 Qxb2 23. Qd2 Qxd2+ 24. Kxd2 Rh2+ 25. Ke3 Rc2 26. Rfc1 Rb2 27. g4 Bg6 28. Bd6 Kd7 29. Be5 a5 30. Kf4 b5 31. a4 b4 32. cxb4 axb4 33. a5 b3 34. Rc3 Bb1 35. Ra3 Bc2 36. a6 Bd1 37. a7 Rd2 38. Bb8 Rxd4+ 39. Kg3 Rb4 40. Ra6 Rc4 41. Rxc4 dxc4 42. Be5 c3 43. Bxc3 Kc7 44. Bd4 Be2 45. Ra3 Bc4 46. Ra4 Bb5 47. Rb4 Kb7 48. Rxb3 Rd8 49. Ra3 Ka8 50. Bb6 Rd3 51. Ra2 Bc4 52. Rh2 1-0

[Event "British Columbia-ch"]
[Site "Vancouver CAN"]
[Date "2001.04.15"]
[Round "6.4"]
[White "Milicevic, Dragoljub"]
[Black "Storey, Carl"]
[Result "1-0"]
[WhiteElo "2264"]
[BlackElo "2125"]
[PlyCount "79"]
[GameId "2160767911565035"]
[EventDate "2001.04.12"]
[EventType "tourn"]
[EventRounds "9"]
[EventCountry "CAN"]
[SourceTitle "EXT 2002"]
[Source "ChessBase"]
[SourceDate "2001.11.25"]
[SourceVersion "1"]
[SourceVersionDate "2001.11.25"]
[SourceQuality "1"]

1. Nf3 Nf6 2. g3 g6 3. Bg2 Bg7 4. O-O O-O 5. d4 d6 6. c4 c6 7. Nc3 Nbd7 8. e4 Qc7 9. h3 a6 10. a4 e5 11. Be3 Re8 12. d5 cxd5 13. cxd5 Nc5 14. Nd2 b6 15. b4 Ncd7 16. Qb3 Qb8 17. Nc4 Nh5 18. Bf3 Nhf6 19. Kg2 Rf8 20. Ne2 h6 21. g4 Nh7 22. Ng3 Ng5 23. Be2 f5 24. Bxg5 hxg5 25. gxf5 gxf5 26. Nxf5 Rxf5 27. exf5 Nf6 28. Ne3 Bb7 29. Rac1 Qd8 30. Rc2 Bh6 31. Rd1 Ra7 32. Ng4 Bg7 33. Nxf6+ Qxf6 34. Qf3 Ba8 35. Rc8+ Bf8 36. Rdc1 e4 37. Qxe4 Re7 38. Qd3 Bb7 39. R8c7 Qe5 40. Bf3 1-0

[Event "British Columbia-ch"]
[Site "Vancouver CAN"]
[Date "2001.04.15"]
[Round "6.5"]
[White "Davies, Alex"]
[Black "Sokourinski, Sergei"]
[Result "1/2-1/2"]
[WhiteElo "2336"]
[BlackElo "2128"]
[PlyCount "122"]
[GameId "2160767911565036"]
[EventDate "2001.04.12"]
[EventType "tourn"]
[EventRounds "9"]
[EventCountry "CAN"]
[SourceTitle "EXT 2002"]
[Source "ChessBase"]
[SourceDate "2001.11.25"]
[SourceVersion "1"]
[SourceVersionDate "2001.11.25"]
[SourceQuality "1"]

1. d4 d5 2. Nc3 c6 3. e4 g6 4. exd5 cxd5 5. Bf4 Bg7 6. Nb5 Na6 7. Nf3 Nf6 8. Be2 O-O 9. Ne5 Bd7 10. a4 Nb4 11. c3 Nc6 12. h4 a6 13. Na3 Qb6 14. b4 Nxe5 15. Bxe5 Rac8 16. Nb1 Ne4 17. Bxg7 Kxg7 18. Qd3 Rc7 19. O-O Rfc8 20. Ra3 Qf6 21. h5 gxh5 22. Bxh5 Qh4 23. Bf3 Rc6 24. Bxe4 Rh6 25. Qg3+ Qxg3 26. fxg3 dxe4 27. Re1 Rg6 28. Re3 f5 29. Nd2 Be6 30. Ra1 Bc4 31. Nxc4 Rxc4 32. Rf1 e6 33. d5 Kf7 34. dxe6+ Kxe6 35. Rd1 Rg8 36. Kf2 Rgc8 37. Rh1 R8c7 38. Rh6+ Ke5 39. Rh5 Ke6 40. Rh6+ Ke5 41. a5 Kd5 42. Rh5 Rxc3 43. Rxc3 Rxc3 44. g4 Kd4 45. gxf5 Rc2+ 46. Kg3 e3 47. Rxh7 Rf2 48. Rd7+ Ke4 49. Re7+ Kd3 50. Rd7+ Kc3 51. Re7 Kd2 52. Rd7+ Ke1 53. Kg4 e2 54. Rxb7 Rxg2+ 55. Kh5 Rg3 56. Re7 Rb3 57. f6 Rxb4 58. f7 Rf4 59. Kg6 Kd2 60. Kg7 e1=Q 61. Rxe1 Kxe1 1/2-1/2

[Event "British Columbia-ch"]
[Site "Vancouver CAN"]
[Date "2001.04.15"]
[Round "7.1"]
[White "Sokourinski, Sergei"]
[Black "Jiganchine, Roman"]
[Result "1/2-1/2"]
[WhiteElo "2128"]
[BlackElo "2115"]
[PlyCount "31"]
[GameId "2160767911565037"]
[EventDate "2001.04.12"]
[EventType "tourn"]
[EventRounds "9"]
[EventCountry "CAN"]
[SourceTitle "EXT 2002"]
[Source "ChessBase"]
[SourceDate "2001.11.25"]
[SourceVersion "1"]
[SourceVersionDate "2001.11.25"]
[SourceQuality "1"]

1. d4 d5 2. c4 c6 3. cxd5 cxd5 4. Nf3 Nf6 5. Nc3 Nc6 6. Bf4 Bf5 7. e3 e6 8. Bb5 Nd7 9. Qa4 Rc8 10. O-O a6 11. Bxc6 Rxc6 12. Rfc1 Be7 13. Nd1 b5 14. Qb3 Rc4 15. Nd2 Rxc1 16. Rxc1 1/2-1/2

[Event "British Columbia-ch"]
[Site "Vancouver CAN"]
[Date "2001.04.15"]
[Round "7.2"]
[White "Storey, Carl"]
[Black "Davies, Alex"]
[Result "0-1"]
[WhiteElo "2125"]
[BlackElo "2336"]
[PlyCount "68"]
[GameId "2160767911565038"]
[EventDate "2001.04.12"]
[EventType "tourn"]
[EventRounds "9"]
[EventCountry "CAN"]
[SourceTitle "EXT 2002"]
[Source "ChessBase"]
[SourceDate "2001.11.25"]
[SourceVersion "1"]
[SourceVersionDate "2001.11.25"]
[SourceQuality "1"]

1. Nf3 d6 2. d4 Bg4 3. c4 Nd7 4. h3 Bxf3 5. gxf3 g6 6. Nc3 Bg7 7. e4 c5 8. d5 Ngf6 9. Be2 a6 10. a4 b6 11. f4 O-O 12. h4 Re8 13. h5 e6 14. hxg6 fxg6 15. dxe6 Rxe6 16. f5 gxf5 17. exf5 Re8 18. Kf1 Ne5 19. Bh6 Ra7 20. f4 Nc6 21. Bg5 Nd4 22. Bh5 Nxf5 23. Qd3 Ne3+ 24. Kf2 Neg4+ 25. Bxg4 Nxg4+ 26. Kg3 Nf6 27. Rxh7 Rae7 28. Bxf6 Re3+ 29. Kf2 Qxf6 30. Rxg7+ Kxg7 31. Rg1+ Kf8 32. Qxe3 Rxe3 33. Nd5 Qxb2+ 34. Kxe3 Qd4+ 0-1

[Event "British Columbia-ch"]
[Site "Vancouver CAN"]
[Date "2001.04.15"]
[Round "7.3"]
[White "Neufahrt, Gerhard"]
[Black "Milicevic, Dragoljub"]
[Result "0-1"]
[WhiteElo "2110"]
[BlackElo "2334"]
[PlyCount "86"]
[GameId "2160767911565039"]
[EventDate "2001.04.12"]
[EventType "tourn"]
[EventRounds "9"]
[EventCountry "CAN"]

1. e4 d5 2. exd5 Nf6 3. c4 c6 4. d4 cxd5 5. Nc3 g6 6. Nf3 Bg7 7. Qb3 O-O 8. cxd5 Nbd7 9. Bf4 Nb6 10. Be5 Nbxd5 11. Nxd5 Nxd5 12. Bxg7 Qa5+ 13. Nd2 Kxg7 14. Bc4 Nb6 15. Bd3 Rd8 16. Qc3 Qd5 17. Be4 Qxd4 18. Rc1 e5 19. Qxd4 Rxd4 20. Rc7 Rb8 21. f4 exf4 22. Rf1 Be6 23. Bxb7 Rbd8 24. Rf2 Nc4 25. Re2 Ne3 26. g3 g5 27. h4 h6 28. hxg5 hxg5 29. gxf4 gxf4 30. Rh2 Bxa2 31. Be4 Be6 32. Rxa7 Rb8 33. b3 Rc8 34. Ra1 Bxb3 35. Bb7 Rc3 36. Nxb3 Rxb3 37. Bf3 Rc3 38. Raa2 Nf5 39. Rhg2+ Ng3 40. Be2 Rc1+ 41. Kf2 Re4 42. Rd2 Rxe2+ 43. Rxe2 Rf1# 0-1

[Event "British Columbia-ch"]
[Site "Vancouver CAN"]
[Date "2001.04.15"]
[Round "7.4"]
[White "Niksic, John"]
[Black "Seid, Hee"]
[Result "1-0"]
[WhiteElo "2034"]
[BlackElo "2157"]
[PlyCount "119"]
[GameId "2160767911565040"]
[EventDate "2001.04.12"]
[EventType "tourn"]
[EventRounds "9"]
[EventCountry "CAN"]

1. d4 Nf6 2. Nf3 g6 3. c4 Bg7 4. g3 O-O 5. Bg2 d6 6. Nc3 Nbd7 7. O-O e5 8. e4 exd4 9. Nxd4 Ne5 10. b3 a6 11. Bb2 Bd7 12. h3 Rb8 13. Qd2 Re8 14. f4 Nc6 15. Nxc6 Bxc6 16. Rfe1 Qd7 17. Nd5 Bxd5 18. cxd5 Re7 19. Re3 Rbe8 20. Bxf6 Bxf6 21. Rc1 Qb5 22. Qd3 Qb6 23. Kh2 Bd4 24. Re2 f5 25. Rcc2 Bg1+ 26. Kh1 Bc5 27. exf5 gxf5 28. Qxf5 Rxe2 29. Rxe2 Rxe2 30. Qg4+ Kf8 31. Qxe2 Bf2 32. Kh2 Bg1+ 33. Kh1 Bf2 34. Qd3 Qc5 35. Qf5+ Kg7 36. Qd7+ Kf8 37. Qf5+ Kg7 38. Qd7+ Kf8 39. Qd8+ Kf7 40. Qd7+ Kf8 41. Qc8+ Kg7 42. Qg4+ Kf8 43. h4 Qe3 44. Qc8+ Qe8 45. Qxe8+ Kxe8 46. Kh2 h6 47. Kh3 Kf7 48. g4 Kf6 49. Be4 Be1 50. g5+ hxg5 51. hxg5+ Kg7 52. Kg4 Bd2 53. f5 a5 54. f6+ Kf7 55. Kf5 Bc3 56. g6+ Kf8 57. Ke6 b5 58. g7+ Kg8 59. Ke7 b4 60. f7+ 1-0

[Event "British Columbia-ch"]
[Site "Vancouver CAN"]
[Date "2001.04.15"]
[Round "7.5"]
[White "Fullbrook, Nigel"]
[Black "Berry, Jonathan"]
[Result "1/2-1/2"]
[WhiteElo "2259"]
[BlackElo "2299"]
[PlyCount "65"]
[GameId "2160767911565041"]
[EventDate "2001.04.12"]
[EventType "tourn"]
[EventRounds "9"]
[EventCountry "CAN"]
[SourceTitle "EXT 2002"]
[Source "ChessBase"]
[SourceDate "2001.11.25"]
[SourceVersion "1"]
[SourceVersionDate "2001.11.25"]
[SourceQuality "1"]

1. e4 e5 2. Nf3 Nc6 3. Bb5 g6 4. O-O Bg7 5. c3 a6 6. Ba4 d6 7. d4 Bd7 8. dxe5 dxe5 9. Be3 Qe7 10. b4 b6 11. Nbd2 Nf6 12. h3 O-O 13. Bb3 Nh5 14. a4 a5 15. b5 Nd8 16. Rc1 Nf4 17. c4 Nde6 18. Kh2 Rad8 19. c5 c6 20. cxb6 cxb5 21. axb5 Nd3 22. Bxe6 Qxe6 23. Ra1 Bxb5 24. Rxa5 Nb2 25. Qb1 Bxf1 26. Qxf1 Nd3 27. Qb1 Rd7 28. Qb3 Qc6 29. Rd5 Nf4 30. Qb5 Qxb5 31. Rxb5 f6 32. Nc4 Ne6 33. b7 1/2-1/2

[Event "British Columbia-ch"]
[Site "Vancouver CAN"]
[Date "2001.04.16"]
[Round "8.1"]
[White "Jiganchine, Roman"]
[Black "Berry, Jonathan"]
[Result "1-0"]
[WhiteElo "2115"]
[BlackElo "2299"]
[PlyCount "83"]
[GameId "2160767911565042"]
[EventDate "2001.04.12"]
[EventType "tourn"]
[EventRounds "9"]
[EventCountry "CAN"]
[SourceTitle "EXT 2002"]
[Source "ChessBase"]
[SourceDate "2001.11.25"]
[SourceVersion "1"]
[SourceVersionDate "2001.11.25"]
[SourceQuality "1"]

1. e4 c5 2. c3 Qa5 3. g3 g6 4. Bg2 Bg7 5. Ne2 h5 6. d3 h4 7. Be3 d6 8. Nd2 Nc6 9. Nc4 Qc7 10. a4 h3 11. Bf3 Nf6 12. Nf4 e5 13. Nd5 Nxd5 14. exd5 Ne7 15. g4 f5 16. gxf5 gxf5 17. Rg1 Kf8 18. Bg5 Ng8 19. Qe2 Bd7 20. Rg3 Nf6 21. Bxf6 Bxf6 22. Qf1 e4 23. dxe4 fxe4 24. Bg4 Re8 25. Bxd7 Qxd7 26. Qe2 Be5 27. Nxe5 Rxe5 28. O-O-O Qf5 29. Rg4 Rg8 30. Rxg8+ Kxg8 31. c4 Qf4+ 32. Kb1 Rg5 33. Rf1 Rg2 34. Qh5 Qxf2 35. Qe8+ Kg7 36. Qe7+ Kg6 37. Qe6+ Kg5 38. Qg8+ Kf4 39. Qf8+ Ke5 40. Qh8+ Kf4 41. Qf6+ Kg4 42. Qg6+ 1-0

[Event "British Columbia-ch"]
[Site "Vancouver CAN"]
[Date "2001.04.16"]
[Round "8.2"]
[White "Seid, Hee"]
[Black "Fullbrook, Nigel"]
[Result "0-1"]
[WhiteElo "2157"]
[BlackElo "2287"]
[PlyCount "34"]
[GameId "2160767911565043"]
[EventDate "2001.04.12"]
[EventType "tourn"]
[EventRounds "9"]
[EventCountry "CAN"]

1. d4 Nf6 2. c4 c5 3. Nf3 g6 4. Nc3 cxd4 5. Nxd4 Nc6 6. e4 d6 7. Be2 Bg7 8. Be3 O-O 9. O-O Bd7 10. Rc1 a6 11. b3 Qb8 12. f3 b5 13. cxb5 Nxd4 14. Bxd4 axb5 15. Rc2 Re8 16. Bxf6 exf6 17. Qxd6 Qxd6 0-1

[Event "British Columbia-ch"]
[Site "Vancouver CAN"]
[Date "2001.04.16"]
[Round "8.3"]
[White "Milicevic, Dragoljub"]
[Black "Niksic, John"]
[Result "1-0"]
[WhiteElo "2264"]
[BlackElo "2102"]
[PlyCount "135"]
[GameId "2160767911565044"]
[EventDate "2001.04.12"]
[EventType "tourn"]
[EventRounds "9"]
[EventCountry "CAN"]
[SourceTitle "EXT 2002"]
[Source "ChessBase"]
[SourceDate "2001.11.25"]
[SourceVersion "1"]
[SourceVersionDate "2001.11.25"]
[SourceQuality "1"]

1. g3 Nf6 2. Bg2 c5 3. c4 Nc6 4. Nc3 g6 5. e4 Bg7 6. d3 d6 7. Nge2 O-O 8. Nf4 Rb8 9. h4 h5 10. Bd2 a6 11. a4 Bd7 12. O-O b6 13. Rb1 Re8 14. Nfe2 Kh7 15. Bg5 Bg4 16. f3 Bd7 17. Qd2 Qc8 18. Kh2 Ng8 19. b3 f6 20. Be3 e5 21. f4 Nh6 22. Nd5 Ng4+ 23. Kh1 Qd8 24. fxe5 dxe5 25. Ng1 Rf8 26. Nh3 Nd4 27. Bxd4 cxd4 28. Ra1 Bh6 29. Qe1 Ne3 30. Nxe3 Bxe3 31. Kh2 b5 32. axb5 axb5 33. Qe2 bxc4 34. bxc4 Qb6 35. Ra2 Kg7 36. Rfa1 Rf7 37. Bf3 Qb4 38. Nf2 Bxf2 39. Qxf2 Qc3 40. Qe2 Rb3 41. Rd1 Be6 42. Rc2 Qb4 43. Rdd2 Ra7 44. g4 hxg4 45. Bxg4 Bf7 46. h5 g5 47. c5 Rc3 48. Qf3 Ra6 49. h6+ Kxh6 50. Qh3+ Kg7 51. Bf5 Rxc2 52. Rxc2 Qb1 53. Qg2 Bb3 54. Rd2 Rc6 55. Qh3 Bf7 56. Rf2 Rxc5 57. Qh7+ Kf8 58. Bg6 Rc7 59. Qh8+ Ke7 60. Qxf6+ Kd7 61. Bxf7 Rc2 62. Be6+ Kc7 63. Qxe5+ Kb6 64. Qxd4+ Kc7 65. Rxc2+ Qxc2+ 66. Kg3 Qd2 67. Qc5+ Kb8 68. Qb6+ 1-0

[Event "British Columbia-ch"]
[Site "Vancouver CAN"]
[Date "2001.04.16"]
[Round "8.4"]
[White "Davies, Alex"]
[Black "Neufahrt, Gerhard"]
[Result "1-0"]
[WhiteElo "2260"]
[BlackElo "2110"]
[PlyCount "109"]
[GameId "2160767911565045"]
[EventDate "2001.04.12"]
[EventType "tourn"]
[EventRounds "9"]
[EventCountry "CAN"]

1. b3 Nc6 2. Bb2 e5 3. c4 Nf6 4. g3 Bc5 5. Bg2 d6 6. Nc3 a6 7. a3 Bf5 8. d3 Bxf2+ 9. Kxf2 Ng4+ 10. Ke1 Nd4 11. Bc1 h5 12. e3 Nc6 13. Bxc6+ bxc6 14. h3 Nh6 15. e4 Be6 16. Qxh5 Kd7 17. Qg5 Qb8 18. Rb1 Qb6 19. Qe3 Qa5 20. b4 Qb6 21. Qxb6 cxb6 22. Nf3 f6 23. Kf2 Nf7 24. Kg2 b5 25. cxb5 axb5 26. Bb2 Rab8 27. d4 exd4 28. Nxd4 Bc4 29. Nf5 g6 30. Ne3 Be6 31. Ncd1 Ne5 32. Nf2 c5 33. bxc5 dxc5 34. Bxe5 fxe5 35. Neg4 Bxg4 36. Nxg4 Ke6 37. Rhf1 Rhd8 38. Rf6+ Ke7 39. Rf2 Ke6 40. Rf6+ Ke7 41. Rf2 Rd6 42. Nxe5 Re6 43. Nd3 c4 44. Nf4 Rxe4 45. Nxg6+ Kd6 46. Rf6+ Kc5 47. Rf5+ Kc6 48. h4 Re2+ 49. Rf2 Rbe8 50. h5 R8e3 51. Rxe2 Rxe2+ 52. Kh3 Ra2 53. h6 Rxa3 54. h7 Ra8 55. Ne7+ 1-0

[Event "British Columbia-ch"]
[Site "Vancouver CAN"]
[Date "2001.04.16"]
[Round "8.5"]
[White "Sokourinski, Sergei"]
[Black "Storey, Carl"]
[Result "1-0"]
[WhiteElo "2128"]
[BlackElo "2125"]
[PlyCount "55"]
[GameId "2160767911565046"]
[EventDate "2001.04.12"]
[EventType "tourn"]
[EventRounds "9"]
[EventCountry "CAN"]
[SourceTitle "EXT 2002"]
[Source "ChessBase"]
[SourceDate "2001.11.25"]
[SourceVersion "1"]
[SourceVersionDate "2001.11.25"]
[SourceQuality "1"]

1. d4 Nf6 2. Nf3 d5 3. c4 Bf5 4. Nc3 e6 5. cxd5 Nxd5 6. Bd2 Nd7 7. Qb3 N7b6 8. e4 Nxc3 9. exf5 Ncd5 10. fxe6 fxe6 11. Bd3 Be7 12. O-O O-O 13. Rfe1 Rxf3 14. gxf3 Bd6 15. Rxe6 Qh4 16. Rxd6 cxd6 17. Be4 Qh5 18. a4 a5 19. Kh1 Kh8 20. Rg1 h6 21. Qb5 Re8 22. Rg3 Re7 23. Qxa5 Qf7 24. Qb5 Qe8 25. Qxe8+ Rxe8 26. a5 Nc4 27. Bxd5 Nxd2 28. Bxb7 1-0

[Event "British Columbia-ch"]
[Site "Vancouver CAN"]
[Date "2001.04.16"]
[Round "9.1"]
[White "Storey, Carl"]
[Black "Jiganchine, Roman"]
[Result "1/2-1/2"]
[WhiteElo "2125"]
[BlackElo "2115"]
[PlyCount "26"]
[GameId "2160767911565047"]
[EventDate "2001.04.12"]
[EventType "tourn"]
[EventRounds "9"]
[EventCountry "CAN"]
[SourceTitle "EXT 2002"]
[Source "ChessBase"]
[SourceDate "2001.11.25"]
[SourceVersion "1"]
[SourceVersionDate "2001.11.25"]
[SourceQuality "1"]

1. Nf3 Nf6 2. c4 c6 3. Nc3 d5 4. cxd5 cxd5 5. d4 Nc6 6. g3 g6 7. Bg2 Bg7 8. O-O O-O 9. e3 e6 10. b3 b6 11. Bb2 Bb7 12. Re1 Re8 13. Rc1 Rc8 1/2-1/2

[Event "British Columbia-ch"]
[Site "Vancouver CAN"]
[Date "2001.04.16"]
[Round "9.2"]
[White "Neufahrt, Gerhard"]
[Black "Sokourinski, Sergei"]
[Result "0-1"]
[WhiteElo "2110"]
[BlackElo "2235"]
[PlyCount "26"]
[GameId "2160767911565048"]
[EventDate "2001.04.12"]
[EventType "tourn"]
[EventRounds "9"]
[EventCountry "CAN"]

1. Nf3 d5 2. d4 Nf6 3. Bf4 Bf5 4. e3 e6 5. Ne5 Nbd7 6. g4 Nxe5 7. gxf5 Nc4 8. Bxc4 dxc4 9. fxe6 fxe6 10. Nd2 Bd6 11. Bg5 O-O 12. c3 Qe8 13. Nxc4 Qc6 0-1

[Event "British Columbia-ch"]
[Site "Vancouver CAN"]
[Date "2001.04.16"]
[Round "9.3"]
[White "Niksic, John"]
[Black "Davies, Alex"]
[Result "0-1"]
[WhiteElo "2102"]
[BlackElo "2336"]
[PlyCount "66"]
[GameId "2160767911565049"]
[EventDate "2001.04.12"]
[EventType "tourn"]
[EventRounds "9"]
[EventCountry "CAN"]
[SourceTitle "EXT 2002"]
[Source "ChessBase"]
[SourceDate "2001.11.25"]
[SourceVersion "1"]
[SourceVersionDate "2001.11.25"]
[SourceQuality "1"]

1. d4 d6 2. Nf3 Bg4 3. g3 Bxf3 4. exf3 g6 5. Bg2 Bg7 6. f4 c6 7. c3 d5 8. Nd2 e6 9. Nf3 Nd7 10. O-O Ngf6 11. a4 O-O 12. Ne5 Qc7 13. Re1 c5 14. dxc5 Nxe5 15. fxe5 Nd7 16. f4 Nxc5 17. Be3 Rfd8 18. Bd4 Nd7 19. a5 Re8 20. h3 Bh6 21. Kh2 Bg7 22. Bf1 a6 23. Qa4 Nc5 24. Qc2 Nd7 25. b4 f6 26. exf6 Bxf6 27. Bxf6 Nxf6 28. b5 axb5 29. Bxb5 Re7 30. a6 bxa6 31. Rxa6 Rxa6 32. Bxa6 Ne4 33. c4 Qa5 0-1

[Event "British Columbia-ch"]
[Site "Vancouver CAN"]
[Date "2001.04.16"]
[Round "9.4"]
[White "Fullbrook, Nigel"]
[Black "Milicevic, Dragoljub"]
[Result "0-1"]
[WhiteElo "2259"]
[BlackElo "2264"]
[PlyCount "90"]
[GameId "2160767911565050"]
[EventDate "2001.04.12"]
[EventType "tourn"]
[EventRounds "9"]
[EventCountry "CAN"]
[SourceTitle "EXT 2002"]
[Source "ChessBase"]
[SourceDate "2001.11.25"]
[SourceVersion "1"]
[SourceVersionDate "2001.11.25"]
[SourceQuality "1"]

1. e4 d6 2. d4 Nf6 3. Nc3 g6 4. f3 Bg7 5. Be3 a6 6. Qd2 h5 7. a4 Nbd7 8. Bc4 b6 9. Nge2 Bb7 10. h4 c6 11. Bb3 Qc7 12. Nd1 e5 13. c3 c5 14. d5 c4 15. Bc2 Nc5 16. Nf2 Bc8 17. Ng1 Rb8 18. Ngh3 Bd7 19. Nd1 Ng8 20. Nhf2 f5 21. Qe2 f4 22. Bxc5 Qxc5 23. Nh3 Bf6 24. Qf2 Qxf2+ 25. Nhxf2 Nh6 26. b4 b5 27. axb5 axb5 28. Kd2 Ke7 29. Kc1 Ra8 30. Rxa8 Rxa8 31. Kd2 Ra1 32. Rh2 Kf7 33. Rh1 Bd8 34. Rh2 Bb6 35. Rh1 Ra2 36. Kc1 Ra3 37. Kb2 Ra8 38. Rh2 Kg7 39. Kc1 Rh8 40. Kd2 Ng4 41. fxg4 hxg4 42. Rh1 g3 43. Nd3 Bg4 44. Ne1 Rh5 45. Nb2 Be3# 0-1

[Event "British Columbia-ch"]
[Site "Vancouver CAN"]
[Date "2001.04.16"]
[Round "9.5"]
[White "Berry, Jonathan"]
[Black "Seid, Hee"]
[Result "1-0"]
[WhiteElo "2386"]
[BlackElo "2157"]
[PlyCount "69"]
[GameId "2160767911565051"]
[EventDate "2001.04.12"]
[EventType "tourn"]
[EventRounds "9"]
[EventCountry "CAN"]

1. d4 Nf6 2. Nf3 g6 3. Bg5 Bg7 4. Nbd2 d5 5. c3 O-O 6. e3 Nc6 7. Bd3 Re8 8. b4 a6 9. a4 b6 10. O-O a5 11. b5 Nb8 12. Qb3 Bb7 13. Ne5 Nbd7 14. f4 Rf8 15. Rad1 Rc8 16. Qa3 c5 17. bxc6 Bxc6 18. Nxc6 Rxc6 19. c4 Re6 20. Rf3 Rd6 21. f5 Nb8 22. cxd5 Nxd5 23. Ne4 Rd7 24. Bc4 Nc6 25. Bxd5 Rxd5 26. f6 exf6 27. Bxf6 Qc8 28. Rc1 Qb7 29. Bxg7 Kxg7 30. Nf6 Rdd8 31. Qc3 Rc8 32. d5 Ne5 33. Qxe5 Rxc1+ 34. Kf2 Rc2+ 35. Ke1 1-0